| 000 | 00478nam a2200181Ia 4500 | ||
|---|---|---|---|
| 008 | 230917s9999||||xx |||||||||||||| ||und|| | ||
| 020 | _cGBP40 | ||
| 040 |
_e226207 _aMAIN |
||
| 041 | _aEnglish | ||
| 082 | _a410.3 L647R(3) | ||
| 100 | _aMalmkjaer, Kirsten, ed. | ||
| 245 | 0 | _aRoutledge linguistics encyclopedia | |
| 250 | _a3rd ed. | ||
| 260 |
_aLondon _bRoutledge _c2013 |
||
| 300 | _avi, 724 p. | ||
| 500 | _a2032 10/03/2015 UBC7350 16/03/2015 Main Budget | ||
| 942 | _cBK | ||
| 999 |
_c15141 _d15141 |
||